Devine le pays à partir d'un plat - Statistiques

Statistiques générales
  • Ce quiz a été pris 104 fois
  • Le résultat moyen est 26 sur 94
Statistiques - réponses
Par images Réponse % Correct
Carbonara, Italie
79%
Frites, Belgique
74%
Pizza, Italie
71%
Lasagnes, Italie
69%
Couscous, Tunisie / Algerie / Maroc
68%
HotDog, Etats Unis
68%
Moules frites, France / Belgique
67%
Kebab, Allemagne / Turquie
64%
Paella, Espagne
64%
Fondue, Suisse
63%
Spaghettis Bolognaises, Italie
63%
Sushi / Maki, Japon
63%
Fajitas, Mexique
60%
Fish&Chips, Angleterre
60%
Raclette, Suisse
60%
Choucroute, France
57%
Tacos, Mexique
57%
Ramen, Japon
56%
Tartiflette, France
56%
Pasteis de Nata, Portugal
52%
Dim Sum, Chine
51%
Ratatouille, France
50%
Tajine, Maroc
50%
Hamburger, Allemagne
48%
Gyozas, Japon / Chine
46%
Bibimbap, Corée du Sud
44%
Tzatziki, Grèce
44%
Cassoulet, France
42%
Risotto, Italie
42%
Bo Bun, Vietnam
39%
Houmous, Liban
39%
Brik, Maroc / Tunisie / Algérie
38%
Nems, Vietnam
38%
Boeuf bourguignon, France
37%
Tortilla de patata, Espagne
35%
Soupe Miso, Japon
33%
Apfelstrudel, Allemagne
32%
Mac&Cheese, Etats Unis
31%
Chili con carne, Etats Unis / Mexique
30%
Bouillabaisse, France
29%
Pad Thai, Thailande
27%
Bratwurst, Allemagne
26%
Ribs, Etats Unis
26%
Gyros, Grèce
25%
Moussaka, Grece
24%
Samossa, Inde
24%
Kimchi, Corée du Sud
23%
Pho, Vietnam
23%
Poutine, Canada
21%
Taboulé, Liban
21%
Apple Pie, Etats Unis
17%
Gaspacho, Espagne
17%
Tapas, Espagne
17%
Biryani, Inde
15%
Mapple Taffy, Canada
15%
Asado Chimichurri, Argentine
14%
Empanadas, Espagne
14%
Falafel, Israel
14%
Enchiladas, Mexique
13%
Canard Laqué, Chine
12%
Tandoori chicken, Inde
12%
Bortsch, Ukraine / Russie
11%
Rougail Saucisse, (Reunion) France
11%
Spanakopita, Grèce
10%
Wiener Schnitzel, Autriche
10%
Pierogi, Pologne
8%
Tamal, Mexique
8%
Bacalhau, Portugal
7%
Arepas, Venezuela
6%
Ceviche, Perou
6%
Haggis, Ecosse
6%
Injera, Ethiopie
6%
Thiéboudienne, Senegal
6%
Feijoada, Bresil
5%
Pudding, Angleterre
4%
Kochari, Egypte
2%
Mafé, Mali
2%
Pavlova, Nouvelle Zelande
2%
Pondu, Congo
2%
Poulet Yassa, Senegal
2%
Carbonade flamande, Belgique
1%
Curry Massaman, Thailande
1%
Goulash, Hongrie
1%
Laksa, Malaisie
1%
Lamington, Australie
1%
Meat Pie, Australie
1%
Riz Wolof, Senegal
1%
Satay, Indonesie
1%
Bobotie, Afrique du Sud
0%
Foufou, Ghana
0%
Gombo, Etats Unis
0%
Ropa Vieja, Cuba
0%
Sauerbraten, Allemagnee
0%
Shawarma, Irak
0%
Aucun quiz correspondant
Distribution des résultats
% des personnes avec chaque résultat
Percentile par nombre de réponses
Votre historique - résultats
Vous n’avez pas pris ce quiz